000 00298nam a22001337a 4500
008 181102b xxu||||| |||| 00| 0 eng d
020 _a071136004958
041 _aeng
080 _a159.9
100 _a49
101 _aPSI
245 _aThe Pleasures of Psychology
_cGoleman,D
942 _2udc
_cBK
999 _c51710
_d51710